000 00760nam a2200205Ia 4500
005 20241129111343.0
008 241129s9999||||xx |||||||||||||| ||und||
037 _aTB
040 _aCRL
_bpun
_cCRL
041 _apun
_2pun
084 _aO153:g N8
_qCRL
100 _aਔਲਖ, ਸਤਿੰਦਰ, ਚ।
245 0 _aਪੰਜਾਬੀ ਬਿਰਤਾਂਤ: ਗਾਥਾ ਖ਼ਾਹਿਸ਼ ਦੇ ਤਣਾਉ ਦੀ
_cਔਲਖ, ਸਤਿੰਦਰ, ਚ।
260 _aਅੰਮ੍ਰਿਤਸਰ, ਭਾਰਤ
_bਅੰਮ੍ਰਿਤਸਰ ਪੰਜਾਬੀ ਅਧਿਐਨ ਸਕੂਲ
_c1998
300 _a191ਪ੍ਰ0
365 _aINR
_b350
650 _aPunjabi Literature
942 _cTB
_hO153:g N8
999 _c1230073
_d1230073